00515nam a22001697a 450000500170000000800410001702000180005804000130007608200190008910000200010824500610012826000540018930000320024350400400027565000130031565000170032820240530110633.0170912s2015 uk h f b 000 0 eng d a9789351522447 aEG-CaGPL04221a618.92bLG1 aLevine, Glenn N10aColor Atlas of Cardiovascular Disease /cGlenn N Levine  aLondon : bThe Health Sciences Publisher ,c2015. a1023 p. : bill ؛ c20 cm. aIncludes bibliographical references00aDISEASES00aMEDICAL BOOK